The Cambridge History of the English Language : (Record no. 623108)

MARC details
000 -LEADER
fixed length control field 00545nam a2200193 a 4500
008 - FIXED-LENGTH DATA ELEMENTS--GENERAL INFORMATION
fixed length control field 260512s1992##################000#0#eng##
020 ## - INTERNATIONAL STANDARD BOOK NUMBER
ISBN 9780521264754
082 04 - DEWEY DECIMAL CLASSIFICATION NUMBER
Classification number 420.9
Item number BLA..2
100 1# - MAIN ENTRY--AUTHOR NAME
Personal name Blake, Norman,
245 10 - TITLE STATEMENT
Title The Cambridge History of the English Language :
260 ## - PUBLICATION, DISTRIBUTION, ETC. (IMPRINT)
Name of publisher Cambridge University Press,
Year of publication 1992.
300 ## - PHYSICAL DESCRIPTION
Number of Pages 740 pages
650 #0 - SUBJECT ADDED ENTRY--TOPICAL TERM
Topical Term Language Arts & Disciplines.
942 ## - ADDED ENTRY ELEMENTS (KOHA)
Koha item type English Books
Holdings
Withdrawn status Lost status Damaged status Not for loan Home library Current library Date acquired Full call number Accession Number Price effective from Koha item type
        Anna Centenary Library Anna Centenary Library 12.05.2026 420.9 BLA..2 101394 12.05.2026 English Books
        Anna Centenary Library Anna Centenary Library 12.05.2026 420.9 BLA.2 231840 12.05.2026 English Books

Find us on the map